1590 1179 1739 1691 1812 1056 1831 1220 1052 1877 1569 1255 1972 1759 1013 1106 1578 1808 1080 1514 1157 1523 1789 1990 1218 1146 1246 1926 1326 1645 1669 1942 1035 1564 1248 1008 1648 1393 1274 1277 1248 1280 1826 1712 1889 1492 1106 1805 1183 1258 1447 1837 1798 1532 1612 1565 1233 1354 1050 1211 1421 1496 1136 1671 1670 1751 1196 1211 1817 1066 1552 1288 1477 1845 1707 1466 1759 1656 1263 1215 1256 1048 1554 1446 1001 1799 1144 1338 1728 1148 1238 1562 1576 1894 1545 1771 1075 1253 1079 BCNSPRNW ULIB Ver.6.0+V

เปลี่ยนเป็นภาษาไทย

Change to English
 แสดงรายละเอียดบรรณานุกรม
  กลับหน้าหลัก

Brief Record : Get Marc (ISO 2709) : E-mail record : QR code < ปิดหน้าต่าง
LEADER : 00000nam 2200000uu 4500
001    13399114512
003     ULIB
008    120411s2549||||th 000 0 tha d
020    ^a9749382137
090    ^aนว.^bP967ป 2549
100 0  ^apoison ivy
245 00 ^aโปรแกรมรัก /^cpoison ivy
250    ^aพิมพ์ครั้งที่ 1
260    ^aกรุงเทพฯ :^bปริ้นเซส,^c2549
300    ^a216 หน้า
710 1  ^aปริ้นเซส
945    ^p140^l0^i24875
995    ^aกัณชพร
999    ^aใช้งานได้ทุกระบบ
รายการนี้ยังไม่มีแท็ก
คุณยังไม่ได้ล็อกอิน คุณสามารถมีกิจกรรมร่วมกับเว็บไซต์ได้ แต่ต้องล็อกอินก่อน ::
  ล็อกอิน

รายการสื่อสารสนเทศ

ลำดับที่ ประเภท เลขเรียก/บาร์โค้ด สถานที่ สถานะ
1. นวนิยาย
นวนิยาย
นว. P967ป 2549  
  Barcode: 24875
ห้องสมุดวิทยาเขตสวรรค์ประชารักษ์
►นวนิยาย
บนชั้น
  ขอยืม

BibComment


ยังไม่เคยถูกคอมเมนท์

คอมเมนท์ทรัพยากรรายการนี้
  คอมเมนท์: โปรแกรมรัก pois..


 Copyright 2026. Bcnsprnw @Library